| 000 | 00577nam a2200169 4500 | ||
|---|---|---|---|
| 001 | 121824 | ||
| 003 | ES-MaACL | ||
| 005 | 20230906191832.0 | ||
| 007 | t| | ||
| 008 | 070214s1972 sp r ||||1| spa d | ||
| 100 | 1 |
_aPortuondo, Juan A. _993303 |
|
| 245 | 1 | 3 |
_aEl psicodiagnóstico de Rorschach y la esquizofrenia / _cJuan A. Portuondo. |
| 260 |
_aMadrid : _bInstituto Nacional de Psicología Aplicada y Psicotecnia, _c1972. |
||
| 300 |
_a94 p. ; _c24 cm. |
||
| 710 | 2 |
_aInstituto Nacional de Psicología Aplicada y Psicotecnia. _95182 |
|
| 852 |
_aES-MaACL _jC-48756 _bR.85005 |
||
| 999 |
_c121824 _d121824 |
||